[Event "FIN-chT1B 1819"]
[Site "Finland"]
[Date "2018.11.11"]
[Round "3.8"]
[White "Pitkanen, Jorma"]
[Black "Huttunen, Jarkko"]
[Result "0-1"]
[WhiteElo "1929"]
[BlackElo "1897"]
[PlyCount "140"]
[EventDate "2018.09.15"]
[EventType "team-tourn"]
[EventRounds "7"]
[EventCountry "FIN"]
[SourceTitle "EXT 2020"]
[Source "ChessBase"]
[SourceDate "2019.10.17"]
[SourceVersion "1"]
[SourceVersionDate "2019.10.17"]
[SourceQuality "1"]
[WhiteTeam "Lahti S"]
[BlackTeam "Vantaa Gambitti"]
[WhiteTeamCountry "FIN"]
[BlackTeamCountry "FIN"]

1. e4 d6 2. d4 Nf6 3. Nc3 Nbd7 4. Nf3 e5 5. dxe5 dxe5 6. a3 Be7 7. Be2 c6 8. 0-0 Qc7 9. Bg5 h6 10. Bh4 Nf8 11. Bg3 Ng6 12. Qc1 0-0 13. Nh4 Nxh4 14. Bxh4 Nxe4 15. Nxe4 Bxh4 16. g3 Be7 17. Bc4 Bh3 18. Re1 Qb6 19. b3 Rad8 20. Qe3 Qxe3 21. Rxe3 Rd7 22. Nc3 Rfd8 23. Bf1 Be6 24. b4 Bg5 25. Rd3 Bf5 26. Rxd7 Rxd7 27. h4 Bf6 28. Rd1 Rxd1 29. Nxd1 Bxc2 30. Ne3 Bb3 31. f3 e4 32. fxe4 Bb2 33. Bc4 Ba4 34. Nf5 b5 35. Ba2 Kf8 36. Nd6 f6 37. Nc8 Bc2 38. Kf2 Bxe4 39. Ke3 Bh1 40. Kd3 Bxa3 41. Kc3 a6 42. Be6 c5 43. Nb6 Bxb4+ 44. Kb3 Ke7 45. Bc8 a5 46. Bf5 a4+ 47. Kc2 Kd6 48. Nc8+ Ke5 49. Bd7 Be4+ 50. Kc1 Bd3 51. Na7 Be1 52. Nxb5 Bxb5 53. Bxb5 a3 54. g4 Bxh4 55. Kb1 Be1 56. Kc2 g6 57. Be8 f5 58. gxf5 Kxf5 59. Bf7 g5 60. Kd1 Bc3 61. Ke2 g4 62. Kd3 Bd4 63. Ke2 Kg5 64. Kf1 h5 65. Kg2 h4 66. Kh2 h3 67. Kg3 Be5+ 68. Kf2 g3+ 69. Kg1 Bd4+ 70. Kf1 g2+ 0-1

[Event "FIN-chT2 Gp3 1819"]
[Site "Finland"]
[Date "2018.09.15"]
[Round "1.5"]
[White "Lehtinen, Tero"]
[Black "Huttunen, Jarkko"]
[Result "0-1"]
[WhiteElo "1863"]
[BlackElo "1897"]
[PlyCount "80"]
[EventDate "2018.09.15"]
[EventType "team-tourn"]
[EventRounds "6"]
[EventCountry "FIN"]
[SourceTitle "EXT 2020"]
[Source "ChessBase"]
[SourceDate "2019.10.17"]
[SourceVersion "1"]
[SourceVersionDate "2019.10.17"]
[SourceQuality "1"]
[WhiteTeam "Turku AS"]
[BlackTeam "Vantaa Gambitti II"]
[WhiteTeamCountry "FIN"]
[BlackTeamCountry "FIN"]

1. d4 Nf6 2. Bf4 e6 3. e3 c5 4. c3 Be7 5. Nd2 cxd4 6. exd4 0-0 7. Ngf3 b6 8. Qa4 Bb7 9. Bd3 a6 10. Qc2 d6 11. g4 g6 12. Rg1 Nbd7 13. h4 e5 14. Bh6 Re8 15. h5 e4 16. hxg6 hxg6 17. Bc4 d5 18. 0-0-0 dxc4 19. Ne5 b5 20. f4 Bf8 21. g5 e3 22. Ndxc4 Be4 23. Nxd7 Bxc2 24. Nxf6+ Qxf6 25. gxf6 Bxh6 26. Kxc2 bxc4 27. Rg4 e2 28. Re1 Re4 29. Rh4 Bg5 30. Rh2 Bxf6 31. Rhxe2 Rxf4 32. Re8+ Rxe8 33. Rxe8+ Kg7 34. Ra8 Rf2+ 35. Kb1 Rf1+ 36. Kc2 Bg5 37. b4 Rf2+ 38. Kb1 Bd2 39. Rxa6 Bxc3 40. b5 Rb2+ 0-1

[Event "Helsinki Easter op A"]
[Site "Helsinki"]
[Date "2017.04.18"]
[Round "5.5"]
[White "Lahdelma, Henri"]
[Black "Huttunen, Jarkko"]
[Result "0-1"]
[WhiteElo "2022"]
[BlackElo "1935"]
[PlyCount "73"]
[EventDate "2017.04.14"]
[EventType "swiss"]
[EventRounds "5"]
[EventCountry "FIN"]
[SourceTitle "EXT 2022"]
[Source "ChessBase"]
[SourceDate "2021.10.06"]
[SourceVersion "1"]
[SourceVersionDate "2021.10.06"]
[SourceQuality "1"]

1. d4 e6 2. c4 Nf6 3. Nf3 Bb4+ 4. Bd2 Qe7 5. a3 Bxd2+ 6. Nbxd2 d6 7. e4 e5 8. d5 a5 9. b4 b6 10. Be2 0-0 11. Rc1 axb4 12. axb4 Na6 13. Qb3 Nh5 14. g3 f5 15. Nh4 Nf4 16. Nxf5 Bxf5 17. exf5 Nxe2 18. Kxe2 Qg5 19. f3 Qxf5 20. Ra1 e4 21. fxe4 Qe5 22. Rab1 Qh5+ 23. Ke3 Qg5+ 24. Kd3 Rf2 25. Qd1 Nb8 26. Rb2 Ra3+ 27. Kc2 Qe3 28. Kb1 Qd3+ 29. Rc2 Rc3 30. Kc1 Ra3 31. Kb1 Rc3 32. Kc1 Na6 33. Rxc3 Qxc3+ 34. Qc2 Qa3+ 35. Kd1 Nxb4 36. Qb1 Na2 37. Qc2 0-1

[Event "Helsinki We Garde 9th Group A"]
[Site "Helsinki"]
[Date "2013.09.13"]
[Round "1"]
[White "Huttunen, Jarkko"]
[Black "Ponnio, Toni"]
[Result "0-1"]
[WhiteElo "1853"]
[BlackElo "1974"]
[PlyCount "180"]
[EventDate "2013.09.13"]
[EventType "swiss"]
[EventRounds "5"]
[EventCountry "FIN"]
[SourceTitle "EXT 2022"]
[Source "ChessBase"]
[SourceDate "2021.10.06"]
[SourceVersion "1"]
[SourceVersionDate "2021.10.06"]
[SourceQuality "1"]

1. d4 Nf6 2. Nf3 g6 3. Bf4 Bg7 4. e3 c5 5. c3 b6 6. Nbd2 Bb7 7. h3 0-0 8. Be2 d6 9. 0-0 Nbd7 10. Bh2 Rc8 11. a4 Qc7 12. Qb3 cxd4 13. exd4 Ne4 14. Nxe4 Bxe4 15. Nd2 Bc6 16. Bf3 Nf6 17. Rfe1 e6 18. Ne4 Nxe4 19. Bxe4 Bxe4 20. Rxe4 Qc6 21. Ree1 Rfd8 22. Bf4 Qc4 23. Qxc4 Rxc4 24. Bg5 Rdc8 25. Be3 d5 26. Bf4 a6 27. Be5 Bf8 28. Re3 Be7 29. Rf3 R8c6 30. g3 Bd6 31. Bf6 Rc8 32. Kg2 Bf8 33. g4 h6 34. h4 Bg7 35. Kg3 Bxf6 36. Rxf6 R8c7 37. Kf4 b5 38. axb5 axb5 39. Ra8+ Kg7 40. g5 h5 41. Rb8 b4 42. Ke5 bxc3 43. bxc3 Rxc3 44. Rf4 Rc1 45. Kd6 R1c6+ 46. Ke5 Ra7 47. Rb3 Ra2 48. Re3 Rd2 49. Ref3 Re2+ 50. Re3 Rcc2 51. Rxe2 Rxe2+ 52. Kd6 Kf8 53. f3 Ke8 54. Rf6 Re3 55. Rf4 Rd3 56. Ke5 Ke7 57. Rf6 Rd2 58. Kf4 Rxd4+ 59. Kg3 Rb4 60. Kh3 Rb7 61. Kg3 Rd7 62. Kf2 d4 63. Rf4 d3 64. Ke1 d2+ 65. Kd1 Rd3 66. Rf6 Rd4 67. f4 Rd5 68. f5 Rxf5 69. Rxf5 exf5 70. Kxd2 f6 71. gxf6+ Kxf6 72. Ke2 f4 73. Kf2 Ke5 74. Kf3 Kf5 75. Kg2 Kg4 76. Kf2 Kxh4 77. Kf3 g5 78. Kg2 Kg4 79. Kf2 h4 80. Kg2 f3+ 81. Kf2 h3 82. Kg1 Kg3 83. Kh1 g4 84. Kg1 f2+ 85. Kf1 h2 86. Ke2 h1Q 87. Kd2 Qf3 88. Kc2 f1Q 89. Kb2 Q1e2+ 90. Kc1 Qff1# 0-1